The handbook of interior architecture and design / (Record no. 6820)

MARC details
000 -LEADER
fixed length control field 00532nam a22001697a 4500
003 - CONTROL NUMBER IDENTIFIER
control field OSt
005 - DATE AND TIME OF LATEST TRANSACTION
control field 20240526061842.0
008 - FIXED-LENGTH DATA ELEMENTS--GENERAL INFORMATION
fixed length control field 240526b |||||||| |||| 00| 0 eng d
020 ## - INTERNATIONAL STANDARD BOOK NUMBER
International Standard Book Number 9781350087392
040 ## - CATALOGING SOURCE
Transcribing agency n
082 ## - DEWEY DECIMAL CLASSIFICATION NUMBER
Classification number 747.05 B872 2019
245 ## - TITLE STATEMENT
Title The handbook of interior architecture and design /
Statement of responsibility, etc. Graeme Brooker (Editor), Lois Weinthal (Editor)
260 ## - PUBLICATION, DISTRIBUTION, ETC.
Name of publisher, distributor, etc. Bloomsbury Academic, London [England], 2019
300 ## - PHYSICAL DESCRIPTION
Extent 676 pages, 24 cm.
650 ## - SUBJECT ADDED ENTRY--TOPICAL TERM
Geographic subdivision Interior architecture l Interior decoration
942 ## - ADDED ENTRY ELEMENTS (KOHA)
Source of classification or shelving scheme Dewey Decimal Classification
Koha item type English Book
Suppress in OPAC No
Holdings
Withdrawn status Lost status Source of classification or shelving scheme Damaged status Not for loan Home library Current library Date acquired Total Checkouts Full call number Barcode Date last seen Price effective from Koha item type
    Dewey Decimal Classification     CENTRAL TUWAIQ 07/01/2024   747.05 B872 2019 1000000025138 07/01/2024 07/01/2024 English Book